Gaming Quiz

Random Gaming Quiz
Score 0/9 Timer 10:00
0 Plays Today
% Correct
Goku
85.7%
Krillin
57.1%
Vegeta
42.9%
Piccolo
42.9%
Yamcha
42.9%
Tien
42.9%
Gohan
28.6%
Chiaotzu
28.6%
Future Trunks
28.6%
Remove Ads.
Support Sporcle.
Get the best of Sporcle when you Go Orange. This ad-free experience offers more features, more stats, and more fun while also helping to support Sporcle. Thank you for becoming a member.

You're not logged in!

Compare scores with friends on all Sporcle quizzes.
OR
Log In

Show Comments

Extras

Created Oct 1, 2019ReportNominate
Tags:DBZ, ultimate

Top Quizzes Today


Score Distribution

Your Account Isn't Verified!

In order to create a playlist on Sporcle, you need to verify the email address you used during registration. Go to your Sporcle Settings to finish the process.

Report this User

Report this user for behavior that violates our Community Guidelines.

Details: